Sports Quiz

Random Sports or NBA Quiz

NBA Career Pies Quiz Stats

 Plays Quiz Updated Nov 7, 2019

Score 0/15 Timer 06:00
1 Play Today
Hint Answer % Correct
Michael Jordan
93.9%
Kevin Garnett
92.1%
Shaquille O'Neal
90.8%
Reggie Miller
88.4%
Karl Malone
83.4%
Scottie Pippen
80.4%
Hakeem Olajuwon
77.3%
Jason Kidd
75.3%
Hint Answer % Correct
Charles Barkley
72.4%
Gary Payton
69.3%
Oscar Robertson
62%
Dominique Wilkins
60%
Chauncey Billups
47.6%
Alex English
38.6%
Earl Monroe
23.8%

You're not logged in!

Compare scores with friends on all Sporcle quizzes.
OR
Log In

Sporcle TV

Today on Sporcle TV


Watch our educational content, quiz creation guides, and fun videos on Sporcle TV.

Show Comments

Extras

Top Quizzes Today


Score Distribution

Your Account Isn't Verified!

In order to create a playlist on Sporcle, you need to verify the email address you used during registration. Go to your Sporcle Settings to finish the process.

Report this User

Report this user for behavior that violates our Community Guidelines.

Details: